Anxieties of democracy : (Record no. 64509)

MARC details
000 -LEADER
fixed length control field 01220nam a22002537a 4500
005 - DATE AND TIME OF LATEST TRANSACTION
control field 20120329122242.0
010 ## - LCCN (DPL NO)
LC control number ENG-104912 B-489360
020 ## - INTERNATIONAL STANDARD BOOK NUMBER
International Standard Book Number 9780198077473
Terms of availability 750.00
020 ## - INTERNATIONAL STANDARD BOOK NUMBER
International Standard Book Number 0198077475
Terms of availability 750.00
035 ## - SYSTEM CONTROL NUMBER
System control number EN-88445 B-489360
037 ## - SOURCE OF ACQUISITION
Source of stock number/acquisition DBAD/PUB
037 ## - SOURCE OF ACQUISITION
Source of stock number/acquisition Allied Pub/Ven
082 ## - DEWEY DECIMAL CLASSIFICATION NUMBER
Classification number 320.454
245 ## - TITLE STATEMENT
Title Anxieties of democracy :
Remainder of title Tocquevillean reflections on India and the United States /
Statement of responsibility, etc edited by Partha Chatterjee [and] Ira Katznelson
260 ## - PUBLICATION, DISTRIBUTION, ETC. (IMPRINT)
Place of publication, distribution, etc New Delhi
Name of publisher, distributor, etc Oxford University Press
Date of publication, distribution, etc 2012
270 ## - ADDRESS
Address YMCA Library Building, 1 Jai Singh Road
City New Delhi
Postal code 110001
300 ## - PHYSICAL DESCRIPTION
Extent xiv,311p.
Dimensions 23cm(Hb)
700 ## - ADDED ENTRY--PERSONAL NAME
Personal name Chatterjee, Partha
9 (RLIN) 44518
700 ## - ADDED ENTRY--PERSONAL NAME
Personal name Katznelson, Ira
9 (RLIN) 44519
942 ## - ADDED ENTRY ELEMENTS (KOHA)
Source of classification or shelving scheme Dewey Decimal Classification
Item type English Books
Call number suffix ANX
Classification part 320.454
Holdings
Withdrawn status Lost status Not for loan Collection code Home library Current library Date acquired Source of acquisition Cost, normal purchase price Full call number Barcode Copy number Cost, replacement price Koha item type
    Not For Loan Non-fiction D.B.Act.Division D.B.Act.Division 29/03/2012 DBAD/PUB 750.00 320.454 ANX EN-88445 1 750.00 English Books
      Non-fiction Sarojini Nagar Sarojini Nagar 07/02/2013 Allied Pub/1242/28.12.2012/114/18.12.2012/08.01.2013 750.00 320.454 ANX B-489360 1 750.00 English Books

© Delhi Public Library
Hit Counter
free hit counter